| 000 -CABECERA |
| Campo de control de longitud fija |
00677nam a22001697a 4500 |
| 005 - FECHA Y HORA DE LA ÚLTIMA TRANSACCIÓN |
| Campo de control |
20240611132351.0 |
| 008 - CAMPO FIJO DE DESCRIPCIÓN FIJA--INFORMACIÓN GENERAL |
| Campo de control de longitud fija |
240611b ||||| |||| 00| 0 eng d |
| 020 ## - ISBN (INTERNATIONAL STANDARD BOOK NUMBER) |
| ISBN |
9788419474568 |
| 040 ## - FUENTE DE CATALOGACIÓN |
| Agencia de catalogación original |
CDMR |
| 100 ## - ENCABEZAMIENTO PRINCIPAL--NOMBRE PERSONAL |
| 9 (RLIN) |
4952 |
| Nombre de persona |
Balanzó, Emili de |
| 245 ## - MENCIÓN DE TÍTULO |
| Título |
Xerrar boig |
| Parte restante del título |
: recull d'articles / |
| Mención de responsabilidad, etc. |
Emili de Balanzó ; presentació de Josefina Salord ; pròleg d'Àlex Susanna ; selecció i revisió dels articles Enric de Balanzó i Xavier de Balanzó |
| 260 ## - PUBLICACIÓN, DISTRIBUCIÓN, ETC (PIE DE IMPRENTA) |
| Lugar de publicación, distribución, etc. |
Barcelona : |
| Nombre del editor, distribuidor, etc. |
Viena Edicions, |
| Fecha de publicación, distribución, etc. |
2024 |
| 300 ## - DESCRIPCIÓN FÍSICA |
| Extensión |
323 pàgines |
| 490 ## - MENCIÓN DE SERIE |
| Mención de serie |
Narrativa |
| Número de volumen/designación secuencial |
; 93 |
| 505 ## - NOTA DE CONTENIDO FORMATEADA |
| Nota de contenido con formato preestablecido |
Articles publicats als diaris "Última hora" i "Menorca" entre els anys 2012 i 2020 |
| 942 ## - ELEMENTOS KOHA |
| Fuente de clasificación o esquema de ordenación en estanterías |
|
| Koha tipo de item |
Monografies |